Risk and Cognition

This book presents recent research using cognitive science to apprehend risk situations and elaborate new organizations, new systems and new methodological tools in response. The book demonstrates the reasons, advantages and implications of the association of the concepts of cognition and risk. It i...

Πλήρης περιγραφή

Λεπτομέρειες βιβλιογραφικής εγγραφής
Συγγραφή απο Οργανισμό/Αρχή: SpringerLink (Online service)
Άλλοι συγγραφείς: Mercantini, Jean-Marc (Επιμελητής έκδοσης), Faucher, Colette (Επιμελητής έκδοσης)
Μορφή: Ηλεκτρονική πηγή Ηλ. βιβλίο
Γλώσσα:English
Έκδοση: Berlin, Heidelberg : Springer Berlin Heidelberg : Imprint: Springer, 2015.
Σειρά:Intelligent Systems Reference Library, 80
Θέματα:
Διαθέσιμο Online:Full Text via HEAL-Link
LEADER 03259nam a22004935i 4500
001 978-3-662-45704-7
003 DE-He213
005 20151030051008.0
007 cr nn 008mamaa
008 150107s2015 gw | s |||| 0|eng d
020 |a 9783662457047  |9 978-3-662-45704-7 
024 7 |a 10.1007/978-3-662-45704-7  |2 doi 
040 |d GrThAP 
050 4 |a Q342 
072 7 |a UYQ  |2 bicssc 
072 7 |a COM004000  |2 bisacsh 
082 0 4 |a 006.3  |2 23 
245 1 0 |a Risk and Cognition  |h [electronic resource] /  |c edited by Jean-Marc Mercantini, Colette Faucher. 
264 1 |a Berlin, Heidelberg :  |b Springer Berlin Heidelberg :  |b Imprint: Springer,  |c 2015. 
300 |a XI, 247 p. 43 illus.  |b online resource. 
336 |a text  |b txt  |2 rdacontent 
337 |a computer  |b c  |2 rdamedia 
338 |a online resource  |b cr  |2 rdacarrier 
347 |a text file  |b PDF  |2 rda 
490 1 |a Intelligent Systems Reference Library,  |x 1868-4394 ;  |v 80 
505 0 |a Introduction -- The Role of Risk Perception and Political Culture: A Comparative Study of Regulating Genetically Modified Food.-The importance of risk communication as an integral part of risk management in the Republic of Serbia -- Metaphors and risk cognition in the discourse on food-borne diseases -- User-centred Design as a Risk Management Tool -- Analysis of the user behaviour when interacting with systems during critical situations -- Hydraulic Dam Safety Assessment with the Timed Observations Theory- Building a Domain Ontology to Design a Decision Support Software to Plan Fight Actions Against Marine Pollutions -- The operators’ system of instruments: a risk management tool. 
520 |a This book presents recent research using cognitive science to apprehend risk situations and elaborate new organizations, new systems and new methodological tools in response. The book demonstrates the reasons, advantages and implications of the association of the concepts of cognition and risk. It is shown that this association has strong consequences on how to apprehend critical situations that emerge  within various activity domains, and how to elaborate responses to these critical situations.. The following topics are covered by the book: ·     Influence of the culture in risk management, ·     Influence of the risk communication in risk management, ·     User-centred design to improve risk situation management, ·     Designing new tools to assist risk situation management, ·     Risk prevention in industrial activities. 
650 0 |a Engineering. 
650 0 |a Artificial intelligence. 
650 0 |a Computational intelligence. 
650 0 |a Cognitive psychology. 
650 1 4 |a Engineering. 
650 2 4 |a Computational Intelligence. 
650 2 4 |a Artificial Intelligence (incl. Robotics). 
650 2 4 |a Cognitive Psychology. 
700 1 |a Mercantini, Jean-Marc.  |e editor. 
700 1 |a Faucher, Colette.  |e editor. 
710 2 |a SpringerLink (Online service) 
773 0 |t Springer eBooks 
776 0 8 |i Printed edition:  |z 9783662457030 
830 0 |a Intelligent Systems Reference Library,  |x 1868-4394 ;  |v 80 
856 4 0 |u http://dx.doi.org/10.1007/978-3-662-45704-7  |z Full Text via HEAL-Link 
912 |a ZDB-2-ENG 
950 |a Engineering (Springer-11647)